000 00319 a2200157 4500
001 170890
020 _a
040 _cMagnum
100 _aGordon, Helio
240 1 0 _aA historia dos numeros
_lpor
245 1 0 _aA historia dos numeros
362 0 _a1899
440 1 _aFTD
697 _aPARADIDATICO
942 _cBK
999 _c170890
_d170890